[Event "POL-ch Amateur"]
[Site "Wroclaw"]
[Date "2013.??.??"]
[Round "6"]
[White "Kania, Wlodzimierz"]
[Black "Antoszewski, Wojciech"]
[Result "1-0"]
[WhiteElo "1845"]
[BlackElo "1723"]
[PlyCount "73"]
[EventDate "2013.06.??"]
[EventType "swiss"]
[EventRounds "9"]
[EventCountry "POL"]
[SourceTitle "EXT 2014"]
[Source "ChessBase"]
[SourceDate "2013.11.20"]
[SourceVersion "1"]
[SourceVersionDate "2013.11.20"]
[SourceQuality "1"]

1. e4 c5 2. Nf3 Nc6 3. d4 cxd4 4. Nxd4 a6 5. Nxc6 bxc6 6. Nc3 e6 7. e5 f5 8. h4 Qa5 9. f4 Bc5 10. Bd2 Qb6 11. Qh5+ g6 12. Qf3 Qc7 13. h5 g5 14. g4 Ne7 15. 0-0-0 gxf4 16. Bxf4 Bb7 17. Bc4 0-0-0 18. gxf5 Nxf5 19. Ne4 Be7 20. Qd3 Qa5 21. Bg5 Qxe5 22. Bxe7 Nxe7 23. Nd6+ Kc7 24. Kb1 Qf6 25. Bxa6 Ba8 26. Rhf1 Nf5 27. Nxf5 exf5 28. Rxf5 Qe7 29. Qg3+ d6 30. Bc4 Rhf8 31. Rdf1 Rxf5 32. Rxf5 Rd7 33. Rf7 Qe8 34. Rxd7+ Qxd7 35. h6 c5 36. Qg7 Be4 37. Be6 1-0

[Event "Torun Region-ch op"]
[Site "Chelmza"]
[Date "2010.10.09"]
[Round "3.7"]
[White "Antoszewski, Wojciech"]
[Black "Zawada, Andrzej"]
[Result "0-1"]
[WhiteElo "1679"]
[BlackElo "1736"]
[PlyCount "20"]
[EventDate "2010.10.08"]
[EventType "swiss"]
[EventRounds "5"]
[EventCountry "POL"]
[SourceTitle "EXT 2023"]
[Source "ChessBase"]
[SourceDate "2022.10.05"]
[SourceVersion "1"]
[SourceVersionDate "2022.10.05"]
[SourceQuality "1"]

1. d4 d5 2. c4 e6 3. Nf3 Nf6 4. Nc3 Nbd7 5. Bg5 Bb4 6. e3 c5 7. cxd5 exd5 8. dxc5 Qa5 9. Bxf6 Nxf6 10. Bb5+ Qxb5 0-1

[Event "POL-chT3 Kujawsko Pomorskie 0910"]
[Site "Poland"]
[Date "2010.04.26"]
[Round "10.23"]
[White "Antoszewski, Wojciech"]
[Black "Gorski, Leszek"]
[Result "0-1"]
[WhiteElo "1679"]
[BlackElo "2079"]
[PlyCount "56"]
[EventDate "2009.11.08"]
[EventType "team-tourn"]
[EventRounds "11"]
[EventCountry "POL"]
[SourceTitle "EXT 2020"]
[Source "ChessBase"]
[SourceDate "2019.10.17"]
[SourceVersion "1"]
[SourceVersionDate "2019.10.17"]
[SourceQuality "1"]

1. d4 d5 2. c4 c6 3. e3 Nf6 4. Nc3 e6 5. Nf3 Nbd7 6. Bd3 Bd6 7. 0-0 0-0 8. b3 dxc4 9. bxc4 e5 10. Bf5 Re8 11. Qc2 Qc7 12. g3 b6 13. Rd1 g6 14. Bh3 Nf8 15. Bxc8 Qxc8 16. dxe5 Bxe5 17. Nxe5 Rxe5 18. Kg2 Rh5 19. f3 Qh3+ 20. Kg1 Re8 21. Qf2 Qe6 22. Qe2 N8d7 23. Rd4 c5 24. Rd1 Ne5 25. Nd5 Nxd5 26. cxd5 Qf6 27. Bb2 Nxf3+ 28. Kh1 Rxe3 0-1

[Event "Torun-Bydgoszcz m"]
[Site "Przysiek"]
[Date "2005.12.04"]
[Round "?"]
[White "Starzynski, Waldemar"]
[Black "Antoszewski, Wojciech"]
[Result "1-0"]
[WhiteElo "1880"]
[BlackElo "1800"]
[PlyCount "101"]
[EventDate "2005.12.04"]
[EventType "team-tourn"]
[EventRounds "1"]
[EventCountry "POL"]
[SourceTitle "EXT 2007"]
[Source "ChessBase"]
[SourceDate "2006.11.23"]
[SourceVersion "1"]
[SourceVersionDate "2006.11.23"]
[SourceQuality "1"]

1. e4 c5 2. f4 Nc6 3. Nf3 e6 4. d3 d5 5. Be2 dxe4 6. dxe4 Nf6 7. Qxd8+ Nxd8 8. Nc3 a6 9. Be3 b5 10. e5 Ng4 11. Bg1 Bb7 12. h3 Nh6 13. g4 Be7 14. Rh2 0-0 15. Be3 Nc6 16. 0-0-0 Nb4 17. Rd7 Bxf3 18. Bxf3 Rae8 19. Rxe7 Rxe7 20. Bxc5 Rd7 21. Bxf8 Kxf8 22. a3 Nd5 23. Rd2 Nb6 24. Rxd7 Nxd7 25. b4 Ke7 26. Bb7 Nb8 27. Ne4 Kd7 28. Nc5+ Kc7 29. Bxa6 Kb6 30. Bb7 Ng8 31. Bf3 Ne7 32. Kd2 Ng6 33. Ke3 Nc6 34. Ne4 Nh4 35. Bh1 h6 36. Nd6 f6 37. exf6 gxf6 38. Be4 e5 39. Bxc6 Kxc6 40. fxe5 fxe5 41. Nf7 Kd5 42. Nxh6 Ng2+ 43. Kf2 Nf4 44. h4 e4 45. Nf5 Kc4 46. Nd6+ Kd4 47. Nxb5+ Ke5 48. a4 Nd5 49. c3 Kf4 50. Nd4 Nxc3 51. Ne2+ 1-0

[Event "Torun-ch"]
[Site "Torun"]
[Date "2003.03.28"]
[Round "6"]
[White "Paprocki, Jaroslaw"]
[Black "Antoszewski, Wojciech"]
[Result "1-0"]
[WhiteElo "2070"]
[BlackElo "1800"]
[PlyCount "63"]
[EventDate "2003.??.??"]
[EventType "tourn"]
[EventRounds "11"]
[EventCountry "POL"]
[SourceTitle "EXT 2007"]
[Source "ChessBase"]
[SourceDate "2006.11.23"]
[SourceVersion "1"]
[SourceVersionDate "2006.11.23"]
[SourceQuality "1"]

1. Nc3 d5 2. e4 d4 3. Nce2 c5 4. Ng3 e5 5. Bc4 a6 6. a4 Nc6 7. d3 Bd6 8. Nf3 Nge7 9. Ng5 0-0 10. Qh5 h6 11. Nxf7 Rxf7 12. Qxf7+ Kh8 13. Bxh6 gxh6 14. Nh5 Nf5 15. exf5 Qf8 16. Qxf8+ Bxf8 17. g4 Rb8 18. Kd2 b5 19. axb5 axb5 20. Bd5 Bb7 21. Rhe1 Bd6 22. f4 Re8 23. fxe5 Bc7 24. b4 cxb4 25. Bxc6 Bxc6 26. Ra6 Bb7 27. Rxh6+ Kg8 28. Nf6+ Kf8 29. Rh8+ Kf7 30. Nxe8 Bb6 31. Nd6+ Kg7 32. Rb8 1-0

[Event "Torun-ch"]
[Site "Torun"]
[Date "2003.03.14"]
[Round "4"]
[White "Wierzbicki, Slawomir"]
[Black "Antoszewski, Wojciech"]
[Result "0-1"]
[WhiteElo "1800"]
[BlackElo "1800"]
[PlyCount "120"]
[EventDate "2003.??.??"]
[EventType "tourn"]
[EventRounds "11"]
[EventCountry "POL"]
[SourceTitle "EXT 2007"]
[Source "ChessBase"]
[SourceDate "2006.11.23"]
[SourceVersion "1"]
[SourceVersionDate "2006.11.23"]
[SourceQuality "1"]

1. e4 c5 2. c3 d5 3. exd5 Qxd5 4. d4 Nf6 5. Nf3 Bg4 6. Be2 e6 7. 0-0 Be7 8. Qa4+ Nc6 9. dxc5 Qxc5 10. Be3 Qa5 11. Qb3 Qc7 12. c4 0-0 13. Nc3 Na5 14. Qa4 b6 15. Nb5 Qb7 16. b4 Nc6 17. a3 a5 18. bxa5 Nxa5 19. Nbd4 Rfc8 20. Qb5 Rc5 21. Qb2 Nxc4 22. Bxc4 Rxc4 23. Ne5 Rca4 24. Ndc6 Bxa3 25. Qxb6 Qxb6 26. Bxb6 Nd5 27. Nxg4 Nxb6 28. h3 Nd5 29. Rab1 Rc8 30. Nce5 h5 31. Nh2 Bd6 32. Nhf3 Ra2 33. Rfc1 Rac2 34. Rxc2 Rxc2 35. Ra1 f6 36. Nd4 Rc8 37. Nef3 e5 38. Nf5 Bf8 39. Ng3 Nf4 40. h4 Kh7 41. Ne4 Kg6 42. Ra6 Nd3 43. g3 Kf5 44. Nd6+ Bxd6 45. Rxd6 e4 46. Nd4+ Kg4 47. Kg2 Ne1+ 48. Kf1 Nf3 49. Ke2 Ne5 50. Ke1 Ra8 51. Rb6 Ra2 52. Ne2 Kf3 53. Nd4+ Kg2 54. Nf5 Nd3+ 55. Kd1 Nxf2+ 56. Ke1 Nd3+ 57. Kd1 g6 58. Nd4 Rf2 59. Ne2 Kf1 60. Nc3 e3 0-1

[Event "Torun-ch"]
[Site "Torun"]
[Date "2003.02.28"]
[Round "2"]
[White "Wasilewski, Bartlomiej"]
[Black "Antoszewski, Wojciech"]
[Result "1-0"]
[WhiteElo "2117"]
[BlackElo "2000"]
[PlyCount "101"]
[EventDate "2003.??.??"]
[EventType "tourn"]
[EventRounds "11"]
[EventCountry "POL"]
[SourceTitle "EXT 2007"]
[Source "ChessBase"]
[SourceDate "2006.11.23"]
[SourceVersion "1"]
[SourceVersionDate "2006.11.23"]
[SourceQuality "1"]

1. e4 c5 2. Nc3 Nc6 3. f4 a6 4. a4 e6 5. Nf3 g6 6. d4 cxd4 7. Nxd4 Bg7 8. Be3 Qc7 9. Be2 Nge7 10. 0-0 0-0 11. Qd2 d6 12. Rad1 Rd8 13. Bf3 Bd7 14. Nb3 Be8 15. Qf2 Nc8 16. f5 Ne5 17. Be2 Nc4 18. Bxc4 Qxc4 19. f6 Bh8 20. a5 Bb5 21. Rfe1 Rb8 22. Rd2 Qc6 23. Red1 Bc4 24. Nd4 Qc7 25. Ra1 b6 26. axb6 Nxb6 27. b3 Bxb3 28. Nxb3 Qxc3 29. Bxb6 Rdc8 30. Bd4 Qc4 31. e5 dxe5 32. Bxe5 Rb5 33. Rad1 Rd5 34. Rxd5 exd5 35. Rd2 Qe4 36. Bd4 Re8 37. Nc5 Qg4 38. h3 Qg5 39. Nxa6 h5 40. h4 Qg4 41. g3 Kh7 42. Nc7 Re4 43. Nxd5 Qe6 44. Ne3 Qa6 45. Qf3 Re6 46. Rf2 Qa3 47. c3 Qb3 48. Kh2 Ra6 49. Qd5 Qb8 50. Qxf7+ Kh6 51. Nf5+ 1-0

[Event "Torun-ch"]
[Site "Torun"]
[Date "2003.02.21"]
[Round "1"]
[White "Antoszewski, Wojciech"]
[Black "Stolarczyk, Adam"]
[Result "0-1"]
[WhiteElo "1800"]
[BlackElo "2091"]
[PlyCount "72"]
[EventDate "2003.??.??"]
[EventType "tourn"]
[EventRounds "11"]
[EventCountry "POL"]
[SourceTitle "EXT 2007"]
[Source "ChessBase"]
[SourceDate "2006.11.23"]
[SourceVersion "1"]
[SourceVersionDate "2006.11.23"]
[SourceQuality "1"]

1. d4 Nf6 2. c4 g6 3. Nc3 Bg7 4. e4 d6 5. Nf3 0-0 6. Be2 e5 7. d5 Nbd7 8. 0-0 h6 9. Be3 a5 10. h3 Ne8 11. Qd2 Kh7 12. Nh2 Nc5 13. f4 Qe7 14. f5 Nf6 15. Bxc5 dxc5 16. g4 Ne8 17. Nf3 Nd6 18. Rf2 Bf6 19. Raf1 Bd7 20. Qe3 b6 21. Kh2 Rg8 22. Rg2 gxf5 23. gxf5 Rxg2+ 24. Kxg2 Rg8+ 25. Kh2 Bxf5 26. exf5 e4 27. Nxe4 Nxe4 28. Qf4 Ng3 29. Bd3 Nxf1+ 30. Bxf1 Qd6 31. Qxd6 cxd6 32. b3 a4 33. h4 axb3 34. axb3 Re8 35. Kg2 Re3 36. Nh2 Bxh4 0-1